Statistiques concernant Le plus grande ville commençant par I dans ce pays

Cliquez ici pour prendre le quiz!

Statistiques générales

  • Ce quiz a été pris 147 fois
    (50 depuis la dernière actualisation)
  • Le résultat moyen est 5 sur 13

Statistiques - réponses

Pays I-Ville % Correct
TurquieIstanbul
87%
PakistanIslamabad
77%
AutricheInnsbruck
68%
États-UnisIndianapolis
66%
RussieIekaterinbourg
49%
IranIspahan
43%
FranceIssy-les-Moulineaux
34%
Royaume-UniIpswich
30%
ItalieImola
23%
Corée du SudIncheon
19%
AllemagneIngolstadt
19%
NigeriaIbadan
17%
RoumanieIaşi
15%

Distribution des résultats

Percentile par nombre de réponses

% des personnes avec chaque résultat

Votre développement - résultats

Vous n’avez pas pris ce quiz depuis la dernière actualisation